| 000 | 01970cam a22004574i 4500 | ||
|---|---|---|---|
| 003 | PE-LiUPU | ||
| 005 | 20250731173241.0 | ||
| 008 | 150625s1988 sp r 001 0 spa d | ||
| 020 | _a847151592X | ||
| 035 | _a(Sirsi) a35292 | ||
| 040 |
_aPE-LiUPU _bspa _cPE-LiUPU _erda |
||
| 082 | 0 | 4 |
_a266.009 _bM91 _221 |
| 100 | 1 |
_aMuller, Karl, _eautor. |
|
| 245 | 1 | 0 |
_aTeologia de la misión / _cKarl. Muller. |
| 264 | 1 |
_aEspaña : _bEditorial vervo divino, _c1988. |
|
| 300 |
_a247 páginas : _c22 centímetros |
||
| 336 |
_atext _2rdacontent |
||
| 337 |
_aunmediated _2rdamedia |
||
| 338 |
_avolume _2rdacarrier |
||
| 504 | _aÍndice : páginas 239-241. | ||
| 505 | 0 | _aLa misionología como disciplina teológica -- ¿Qué es la misión? -- La razón de la misión -- El fin de la misión -- La obra de la misión -- El peso y las enseñanzas de la historia -- El mundo de hoy como contexto de la misión crisitiana -- Orientaciones bibliográficas sobre misiología. | |
| 526 | _aSEG42 | ||
| 526 | _aSEG41 | ||
| 526 | _aSEG40 | ||
| 526 | _aSEG39 | ||
| 526 | _aP94 | ||
| 526 | _aP87 | ||
| 526 | _aP86 | ||
| 526 | _aP85 | ||
| 526 | _aP77 | ||
| 526 | _aP76 | ||
| 526 | _aP35 | ||
| 942 |
_2ddc _cBOOK |
||
| 949 |
_a266.009 M91 _wDEWEY _c1 _i38767 _lCCODEBUL1 _mBUL _p00.00 _r0 _sY _tBOOK _u2015-06-25 _xTEOLOGIA _zUNKNOWN _0COMPRA _o.STAFF. Colección General |
||
| 949 |
_a266.009 M91 _wDEWEY _c2 _i31216 _lCCODEBUL1 _mBUL _p00.00 _r0 _sY _tBOOK _u2015-06-25 _xBIBLIOTECA _PP35 _0COMPRA _o.STAFF. Colección General |
||
| 596 | _a1 | ||
| 999 |
_a266.009 M91 _wDEWEY _c43240 _i38767 _d43240 _e2016-10-17 _f2021-11-10 _g5 _lCCODEBUL1 _mBUL _n1 _p14.24 _r0 _sY _tBOOK _u2015-6-25 _xTEOLOGIA _PP35 _0COMPRA _o.STAFF. Colección Teología |
||
| 999 |
_a266.009 M91 _wDEWEY _c2 _i31216 _f2021-11-10 _g3 _lCCODEBUL1 _mBUL _r0 _sY _tBOOK _u2018-2-14 _xTEOLOGIA _PP35 _0COMPRA _o.STAFF. Colección Teología |
||
| 980 |
_81 _gALBERTO SANCHEZ Responsable de Automatización |
||